000 00324nam a22001337a 4500
008 180123b xxu||||| |||| 00| 0 eng d
020 _a9780312108229
041 _aeng
080 _a82
100 _a22
101 _agju
245 _asings of life readings on popular culture writers
_csonia.m
942 _2udc
_cBK
999 _c40753
_d40753